| 000 | 01237nam a2200349 a 4500 | ||
|---|---|---|---|
| 003 | MX-MxUPN | ||
| 005 | 20241001063849.0 | ||
| 008 | 991125s1935 sp fr 000 0 spa d | ||
| 035 | _aUPN01000018083 | ||
| 040 |
_aMX-MxUPN _bspa _cMX-MxUPN |
||
| 041 | _aspa | ||
| 050 | 4 |
_aLC1021 C5 _bE38 |
|
| 100 | 1 |
_951955 _aDumonchel, P. |
|
| 100 | 1 |
_951956 _aBelot, A. |
|
| 100 | 1 |
_951957 _aBadley, John Haden, _d1865-1967 |
|
| 100 | 1 |
_951958 _aScott, Colin A., _d1861-1925 |
|
| 245 | 1 | 3 | _aLa educación social y la escuela |
| 260 |
_aMadrid : _bEspasa-Calipe, _c1935. |
||
| 300 | _a151 páginas | ||
| 490 | 0 | _aCiencia y educación. Contemporánea | |
| 500 | _aA la cabeza de la cubierta: Biblioteca pedagógica | ||
| 650 | 4 |
_aComunidad y escuela _99258 |
|
| 650 | 4 |
_aEducación _xAspectos sociales _95311 |
|
| 650 | 0 |
_aEducación clásica _916408 |
|
| 710 | 2 |
_951335 _aMuseo Pedagógico Nacional (México) _epropietario anterior |
|
| 710 | 2 |
_aInstituto Nacional de Pedagogía (México) _epropietario anterior _928088 |
|
| 710 | 1 |
_951349 _aMéxico. _bSecretaría de Educación Pública. _bBiblioteca Pública _epropietario anterior |
|
| 902 | _bMaríaRobles/170524 | ||
| 904 |
_aAC _b018084 |
||
| 905 | _aLibro | ||
| 942 |
_2lcc _n0 _cLIBRO |
||
| 999 |
_c18083 _d18083 |
||